Ιστορία της βυζαντινής δημώδους λογοτεχνίας
Αποθηκεύτηκε σε:
| Κύριος συγγραφέας: | |
|---|---|
| Άλλοι συγγραφείς: | |
| Μορφή: | Βιβλίο |
| Γλώσσα: | Greek German |
| Δημοσίευση: |
Αθήνα :
Μορφωτικό Ιδρυμα Εθνικής Τραπέζης,
1993.
|
| Έκδοση: | 2η εκδ. |
| Θέματα: | |
| Ετικέτες: |
Προσθήκη ετικέτας
Δεν υπάρχουν, Καταχωρήστε ετικέτα πρώτοι!
|
MARC
| LEADER | 00000cam a2200000 i 4500 | ||
|---|---|---|---|
| 001 | 1/87920 | ||
| 008 | 980331s1993 gr | ||| |||| ||gre|| | ||
| 020 | |a 9602500794 | ||
| 035 | |a 1997 |b 3 |c Αναγνωστοπούλου |l 10035365 | ||
| 040 | |a GR-MyUA |b gre |e AACR2 | ||
| 041 | 1 | |a gre |h ger | |
| 082 | 0 | |a Αγορά | |
| 100 | 1 | |a Beck, Hans-Georg, |d 1910-1999. | |
| 245 | 1 | 0 | |a Ιστορία της βυζαντινής δημώδους λογοτεχνίας / |c Hans-Georg Beck ; μετάφραση Νίκη Eideneier. |
| 250 | |a 2η εκδ. | ||
| 260 | |a Αθήνα : |b Μορφωτικό Ιδρυμα Εθνικής Τραπέζης, |c 1993. | ||
| 300 | |a 358 σ. | ||
| 500 | |a Τίτλος πρωτοτύπου: Geschichte der byzantinischen volksliteratur. | ||
| 650 | 0 | 0 | |a Byzantine literature |x History and criticism. |
| 700 | 1 | |a Eideneiner, Νίκη, |e trlf | |
| 852 | |a INST |b RHODES |e 19980406 |h 880 BEC |p 005400010778 |q 005400010778 |t BK |y 0 | ||
| 852 | |a INST |b RHODES |e 19980331 |h 880 BEC |p 005400010844 |q 005400010844 |t BK |y 0 | ||
| 901 | |a BIBL-1998-1 | ||
| 909 | |a Ρ |b 051867 | ||